Schnelle Mathematik - Multiplikation zur Basis 6 Level 01 - Statistiken

Allgemein
  • Dieses Quiz wurde 87 mal gespielt
  • Das Durchschnittsergebnis liegt bei 15 aus 20
Antwortstatistiken
Frage Antwort % Korrekt
0⋅1 0
90%
0⋅3 0
90%
1⋅0 0
90%
2⋅0 0
90%
3⋅0 0
90%
3⋅1 3
90%
0⋅0 0
86%
0⋅2 0
86%
0⋅0 0
86%
2⋅1 2
86%
1⋅3 3
86%
2⋅2 4
86%
1⋅1 1
81%
1⋅1 1
81%
1⋅2 2
81%
2⋅2 4
81%
2⋅3 10
33%
3⋅2 10
33%
3⋅3 13
29%
3⋅3 13
29%
Keine übereinstimmenden Quizze gefunden
Verteilung der Resultate
Anzahl Personen mit jedem Resultat
Perzentil nach korrekt beantworteten Fragen
Ihre Resultats-Entwicklung
Sie haben dieses Quiz noch nicht gespielt